00236 a2200109 4500001000700000020000600007040001100013100002600024240003600050245003100086362000900117181371 a  cMagnum aGrossi, Esther Pillar10aVanguardas pedagogicas/v.6lpor10aVanguardas pedagogicas/v.60 a1899